000
00309nam a22001457a 4500
008
210305b ||||| |||| 00| 0 eng d
020
_a
0321574974
041
_a
eng
080
_2
9th
_a
51
082
_a
51
100
_a
36
101
_a
MAT
245
_a
Intermediate Algebra
_c
Lial, M.L
942
_2
udc
_c
BK
999
_c
55879
_d
55879